Normal view
MARC view
- Hoad, A.P .
Entry Personal Name
001 - CONTROL NUMBER
- control field: 1458
003 - CONTROL NUMBER IDENTIFIER
- control field: OSt
005 - DATE AND TIME OF LATEST TRANSACTION
- control field: 20160923145147.0
008 - FIXED-LENGTH DATA ELEMENTS
- fixed length control field: 160923|| aca||aabn | a|a d
040 ## - CATALOGING SOURCE
- Original cataloging agency: OSt
- Transcribing agency: OSt
100 ## - HEADING--PERSONAL NAME
- Personal name: Hoad, A.P .
670 ## - SOURCE DATA FOUND
- Source citation: Work cat.: (OSt)7027: Tubb, L.F.J . 1457, Commercial painting / , 1960.
